[Event "Hampshire-chA"]
[Site "Fareham"]
[Date "2022.11.05"]
[Round "3"]
[White "Forbes, Garry"]
[Black "Saunders, Nigel"]
[Result "0-1"]
[WhiteElo "1937"]
[BlackElo "2134"]
[PlyCount "122"]
[EventDate "2022.11.04"]
[EventType "swiss"]
[EventRounds "6"]
[EventCountry "ENG"]
[SourceTitle "EXT 2024"]
[Source "ChessBase"]
[SourceDate "2023.10.10"]
[SourceVersion "1"]
[SourceVersionDate "2023.10.10"]
[SourceQuality "1"]

1. d4 Nf6 2. Nc3 d5 3. Bf4 a6 4. e3 Bf5 5. f3 e6 6. g4 Bg6 7. h4 h5 8. g5 Nfd7 9. Bd3 Bxd3 10. Qxd3 c5 11. Nge2 Nc6 12. Kf2 g6 13. Kg2 Bg7 14. Rad1 b5 15. dxc5 Nxc5 16. Qd2 0-0 17. a3 e5 18. Bg3 d4 19. Ne4 Nxe4 20. fxe4 Qb6 21. Bf2 Qb7 22. Ng3 dxe3 23. Qxe3 Nd4 24. c3 Ne6 25. Ne2 Rad8 26. Bg3 Qc6 27. Bf2 Rfe8 28. Rhe1 Bf8 29. Qf3 Be7 30. Be3 Rd7 31. Rf1 Bf8 32. Ng3 Bg7 33. Rxd7 Qxd7 34. Rd1 Qc6 35. Rd5 Nc7 36. Rd1 Qe6 37. Rd2 Bf8 38. Ne2 Be7 39. Ng3 Rf8 40. Qe2 Ne8 41. Rd5 Nd6 42. Bc5 f5 43. gxf6 Rxf6 44. Qd2 Nf7 45. Bxe7 Qxe7 46. Rd7 Qe6 47. Ra7 Qg4 48. Qd7 Qxd7 49. Rxd7 Rd6 50. Rxd6 Nxd6 51. b3 a5 52. Kf3 a4 53. bxa4 bxa4 54. Ke3 Nc4+ 55. Kd3 Nxa3 56. c4 Kf7 57. Kc3 Ke6 58. Kb4 Nc2+ 59. Kxa4 Nd4 60. Kb4 Nf3 61. c5 Nxh4 0-1

[Event "BCF-chT4 0304 (4NCL)"]
[Site "West Bromwich "]
[Date "2004.05.29"]
[Round "7.1"]
[White "Saunders, Nigel"]
[Black "Groombridge, Mike"]
[Result "1/2-1/2"]
[WhiteElo "2104"]
[BlackElo "1584"]
[PlyCount "120"]
[EventDate "2003.10.??"]
[EventType "team"]
[EventRounds "11"]
[EventCountry "ENG"]
[SourceTitle "EXT 2005"]
[Source "ChessBase"]
[SourceDate "2004.11.15"]
[SourceVersion "1"]
[SourceVersionDate "2004.11.15"]
[SourceQuality "1"]
[WhiteTeam "Pontypridd"]
[BlackTeam "The ADS III"]
[WhiteTeamCountry "ENG"]
[BlackTeamCountry "ENG"]

1. Nf3 Nf6 2. d4 e6 3. Bg5 h6 4. Bh4 d5 5. e3 Be7 6. Nbd2 b6 7. Be2 0-0 8. Ne5 c5 9. f4 Bb7 10. 0-0 Nc6 11. c3 Qc7 12. Qe1 Ne8 13. Bg3 Bd6 14. Bd3 f5 15. Bh4 Be7 16. Bf2 Nf6 17. Ng6 Rf7 18. Nf3 Ne4 19. Nfe5 Nxe5 20. fxe5 Kh7 21. Nf4 Qd7 22. Qe2 g6 23. h4 Rg8 24. h5 gxh5 25. Qxh5 Rfg7 26. Bh4 Bxh4 27. Qxh4 Rg4 28. Qh2 Rg3 29. Bxe4 dxe4 30. Rae1 R8g5 31. Rf2 Qf7 32. dxc5 bxc5 33. Rd2 Bd5 34. b3 c4 35. b4 Qg8 36. Nh5 Rxh5 37. Qxh5 Rg5 38. Qh2 Rg3 39. Kf2 Rg4 40. Rh1 Qg6 41. g3 Qg7 42. Rd4 Rg6 43. a4 Qxe5 44. Rhd1 Qf6 45. Qh4 Qg7 46. Qh3 Qf7 47. Ke2 Rg5 48. Kd2 e5 49. Rxd5 Qxd5+ 50. Kc2 Qf7 51. Rd6 Rg6 52. Rxg6 Qxg6 53. b5 Qe6 54. Qh5 Qd7 55. Kc1 Kg7 56. a5 Qd3 57. Qxf5 Qxe3+ 58. Kc2 Qe2+ 59. Kc1 Qe1+ 60. Kc2 Qe2+ 1/2-1/2

[Event "BCF-chT4 0304 (4NCL)"]
[Site "West Bromwich "]
[Date "2004.03.27"]
[Round "5.2"]
[White "Hardy, Roger"]
[Black "Saunders, Nigel"]
[Result "1-0"]
[WhiteElo "2022"]
[BlackElo "2104"]
[PlyCount "83"]
[EventDate "2003.10.??"]
[EventType "team"]
[EventRounds "11"]
[EventCountry "ENG"]
[SourceTitle "EXT 2005"]
[Source "ChessBase"]
[SourceDate "2004.11.15"]
[SourceVersion "1"]
[SourceVersionDate "2004.11.15"]
[SourceQuality "1"]
[WhiteTeam "Grendel's Mother"]
[BlackTeam "Pontypridd"]
[WhiteTeamCountry "ENG"]
[BlackTeamCountry "ENG"]

1. e4 e6 2. d4 d5 3. e5 c5 4. c3 Qb6 5. Nf3 Bd7 6. a3 a5 7. b3 Bb5 8. Bxb5+ Qxb5 9. a4 Qb6 10. Ba3 Nc6 11. 0-0 cxd4 12. Bxf8 Kxf8 13. cxd4 Nge7 14. Nc3 Nf5 15. Nb5 h5 16. Qd2 Ke7 17. Rfd1 Rac8 18. Rac1 Kd7 19. Qf4 Qd8 20. Rc5 Qe7 21. Rxd5+ exd5 22. Qxf5+ Qe6 23. Qf4 Nd8 24. Ng5 Qg4 25. e6+ fxe6 26. Qd6+ Ke8 27. Nf3 Rf8 28. h3 Qf4 29. Ne5 Qxf2+ 30. Kh1 Rf7 31. Nxf7 Qxf7 32. Qe5 Rc6 33. Nd6+ Rxd6 34. Qxd6 Qf6 35. Qg3 Nc6 36. Qd3 Ke7 37. Qb5 Nd8 38. Qxa5 Qf2 39. Qc7+ Ke8 40. Qxg7 Qe2 41. Rc1 Qf2 42. Qe5 1-0

[Event "BCF-chT4 0304 (4NCL)"]
[Site "West Bromwich "]
[Date "2003.11.23"]
[Round "2.1"]
[White "Prescott, Adam P"]
[Black "Saunders, Nigel"]
[Result "1/2-1/2"]
[WhiteElo "1712"]
[BlackElo "2104"]
[PlyCount "109"]
[EventDate "2003.10.??"]
[EventType "team"]
[EventRounds "11"]
[EventCountry "ENG"]
[SourceTitle "EXT 2005"]
[Source "ChessBase"]
[SourceDate "2004.11.15"]
[SourceVersion "1"]
[SourceVersionDate "2004.11.15"]
[SourceQuality "1"]
[WhiteTeam "Sussex Mindsports"]
[BlackTeam "Pontypridd"]
[WhiteTeamCountry "ENG"]
[BlackTeamCountry "ENG"]

1. e4 e6 2. c4 b6 3. d4 Bb4+ 4. Bd2 Qe7 5. a3 Bxd2+ 6. Qxd2 d5 7. exd5 exd5+ 8. Qe3 Bb7 9. cxd5 Bxd5 10. Nc3 Bb7 11. 0-0-0 Qxe3+ 12. fxe3 Nf6 13. Nf3 0-0 14. Bd3 Ng4 15. Rhe1 Nf2 16. Rd2 Nxd3+ 17. Rxd3 Nd7 18. e4 Nf6 19. d5 Rad8 20. Rd2 Rfe8 21. Kc2 Re7 22. h3 Rde8 23. Rde2 g6 24. b4 Nh5 25. Nh4 Nf4 26. Rd2 Kg7 27. Nf3 f6 28. b5 a6 29. a4 axb5 30. axb5 Ra8 31. d6 cxd6 32. Rxd6 Nxg2 33. Re2 Nf4 34. Re1 Rc8 35. Kb3 Rec7 36. Na4 Re8 37. Rxb6 Bxe4 38. Nc3 f5 39. Rd6 Rb7 40. Kb4 Reb8 41. Ne5 Re8 42. Nc4 Ree7 43. Re3 Rbd7 44. Nxe4 Rxd6 45. Nexd6 Nd5+ 46. Kc5 Nxe3 47. Nxe3 Rxe3 48. b6 Re7 49. b7 Rxb7 50. Nxb7 g5 51. Nd6 Kg6 52. Kd4 g4 53. hxg4 fxg4 54. Ke3 h5 55. Kf4 1/2-1/2

[Event "Lever Hall Ebbw Vale op"]
[Site "Ebbw Vale"]
[Date "1999.01.28"]
[Round "3"]
[White "Saunders, Nigel"]
[Black "Adams, Mark"]
[Result "1/2-1/2"]
[WhiteElo "2070"]
[BlackElo "2085"]
[PlyCount "54"]
[EventDate "1998.10.??"]
[EventType "swiss"]
[EventRounds "5"]
[EventCountry "ENG"]
[SourceTitle "EXT 2003"]
[Source "ChessBase"]
[SourceDate "2002.11.25"]
[SourceVersion "1"]
[SourceVersionDate "2002.11.25"]
[SourceQuality "1"]

1. Nf3 d5 2. d4 e6 3. c4 Nf6 4. Bg5 Be7 5. Nc3 0-0 6. e3 h6 7. Bh4 Ne4 8. Bxe7 Qxe7 9. Nxe4 dxe4 10. Nd2 f5 11. Qb3 Nd7 12. f3 exf3 13. Nxf3 Kh8 14. Be2 e5 15. d5 b6 16. Qc3 Bb7 17. 0-0 Rae8 18. Rad1 a5 19. a3 a4 20. Qe1 g5 21. Nd2 Rf6 22. e4 f4 23. Bg4 Nc5 24. Qe2 Bc8 25. Bxc8 Rxc8 26. Qg4 Qd7 27. Qxd7 Nxd7 1/2-1/2

[Event "BCF-chT2 9798 (4NCL)"]
[Site "England"]
[Date "1998.05.24"]
[Round "1.2"]
[White "Harley, Andrew D"]
[Black "Saunders, Nigel"]
[Result "1-0"]
[WhiteElo "2305"]
[BlackElo "2135"]
[PlyCount "85"]
[EventDate "1997.11.??"]
[EventType "team"]
[EventRounds "11"]
[EventCountry "ENG"]
[SourceTitle "EXT 1999"]
[Source "ChessBase"]
[SourceDate "1998.11.16"]
[SourceVersion "1"]
[SourceVersionDate "1998.11.16"]
[SourceQuality "1"]
[WhiteTeam "Coulsdon"]
[BlackTeam "Gwent Dragons"]
[WhiteTeamCountry "ENG"]
[BlackTeamCountry "ENG"]

1. e4 e6 2. d4 d5 3. Nc3 Nf6 4. Bg5 Be7 5. e5 Nfd7 6. Bxe7 Qxe7 7. f4 a6 8. Nf3 c5 9. dxc5 Nxc5 10. Qd2 Nc6 11. Bd3 Bd7 12. 0-0 Nxd3 13. cxd3 b5 14. Rac1 0-0 15. Ne2 Rac8 16. Ned4 Nxd4 17. Nxd4 b4 18. Qe3 a5 19. Rxc8 Rxc8 20. Rc1 Qd8 21. Nb3 a4 22. Nc5 Bb5 23. d4 h6 24. Qd2 Qh4 25. g3 Qg4 26. Qxb4 Be2 27. Qd2 g5 28. Re1 Bb5 29. Kg2 gxf4 30. Qxf4 Qg6 31. Rd1 Rb8 32. Rd2 Be8 33. Rf2 Rb4 34. Qd2 Rc4 35. b3 axb3 36. axb3 Rxc5 37. dxc5 Qe4+ 38. Kh3 Qxe5 39. Qxh6 f5 40. Qg5+ Kf7 41. Ra2 Qc7 42. Ra8 Qxc5 43. Qh5+ 1-0

[Event "BCF-chT2 9798 (4NCL)"]
[Site "England"]
[Date "1998.03.22"]
[Round "8.4"]
[White "Neil, David"]
[Black "Saunders, Nigel"]
[Result "1/2-1/2"]
[WhiteElo "2265"]
[BlackElo "2135"]
[PlyCount "86"]
[EventDate "1997.11.??"]
[EventType "team"]
[EventRounds "11"]
[EventCountry "ENG"]
[SourceTitle "EXT 1999"]
[Source "ChessBase"]
[SourceDate "1998.11.16"]
[SourceVersion "1"]
[SourceVersionDate "1998.11.16"]
[SourceQuality "1"]
[WhiteTeam "Wessex"]
[BlackTeam "Gwent Dragons"]
[WhiteTeamCountry "ENG"]
[BlackTeamCountry "ENG"]

1. e4 e6 2. d3 c5 3. g3 Nc6 4. Bg2 Nf6 5. f4 d6 6. Nf3 Qc7 7. a4 Bd7 8. 0-0 Be7 9. h3 Rb8 10. c3 a6 11. Qe2 0-0 12. g4 b5 13. axb5 axb5 14. e5 dxe5 15. fxe5 Nd5 16. c4 bxc4 17. dxc4 Ndb4 18. Nc3 Nd4 19. Qd1 Bc6 20. Nxd4 cxd4 21. Qxd4 Bxg2 22. Kxg2 Nc2 23. Ra7 Bc5 24. Rxc7 Bxd4 25. Nb5 Bxe5 26. Rd7 h6 27. Rf2 Nb4 28. b3 Rbd8 29. Rfd2 Nc6 30. Ba3 Rxd7 31. Rxd7 Ra8 32. Rd3 Bf6 33. Bd6 Ra2+ 34. Kg3 Rb2 35. Ba3 Be5+ 36. Kf3 Rb1 37. Ke4 Bf6 38. Nd6 Ne5 39. Re3 Nc6 40. c5 Bd4 41. Rg3 Bf2 42. Rc3 Bd4 43. Rg3 Bf2 1/2-1/2

[Event "BCF-chT2 9798 (4NCL)"]
[Site "England"]
[Date "1998.03.21"]
[Round "7.4"]
[White "McMichael, Richard"]
[Black "Saunders, Nigel"]
[Result "1-0"]
[WhiteElo "2200"]
[BlackElo "2135"]
[PlyCount "81"]
[EventDate "1997.11.??"]
[EventType "team"]
[EventRounds "11"]
[EventCountry "ENG"]
[SourceTitle "EXT 1999"]
[Source "ChessBase"]
[SourceDate "1998.11.16"]
[SourceVersion "1"]
[SourceVersionDate "1998.11.16"]
[SourceQuality "1"]
[WhiteTeam "Kings Head"]
[BlackTeam "Gwent Dragons"]
[WhiteTeamCountry "ENG"]
[BlackTeamCountry "ENG"]

1. b3 Nf6 2. Bb2 c5 3. e3 d5 4. f4 Nc6 5. Bb5 Bg4 6. Nf3 e6 7. 0-0 Be7 8. Qe1 Bxf3 9. Rxf3 Qb6 10. Be2 d4 11. Na3 Qc7 12. Nc4 0-0 13. Rh3 b5 14. Ne5 Nxe5 15. fxe5 Qxe5 16. Bxb5 Rad8 17. Bd3 Qg5 18. Qe2 Rfe8 19. Rf1 g6 20. e4 Nh5 21. Qf3 Rf8 22. Bc1 Bd6 23. Bc4 Nf4 24. Rg3 Qh5 25. Rg4 e5 26. g3 Nh3+ 27. Kh1 Ng5 28. Qd1 Be7 29. Be2 Qh3 30. d3 f6 31. Rf2 h5 32. Rh4 Qd7 33. g4 hxg4 34. Bxg4 f5 35. exf5 gxf5 36. Bh3 Qc6+ 37. Rg2 Rf7 38. Qh5 Rg7 39. Bxf5 Qf3 40. Qxf3 Nxf3 41. Be6+ 1-0

[Event "Ebbw Vale sim"]
[Site "Ebbw Vale"]
[Date "1998.02.15"]
[Round "?"]
[White "Adams, Michael"]
[Black "Saunders, Nigel"]
[Result "1/2-1/2"]
[WhiteElo "2670"]
[BlackElo "2085"]
[PlyCount "116"]
[EventDate "1998.02.15"]
[EventType "simul"]
[EventRounds "1"]
[EventCountry "ENG"]
[SourceTitle "EXT 2003"]
[Source "ChessBase"]
[SourceDate "2002.11.25"]
[SourceVersion "1"]
[SourceVersionDate "2002.11.25"]
[SourceQuality "1"]

1. e4 e6 2. d4 d5 3. Nd2 Nf6 4. e5 Nfd7 5. Bd3 c5 6. c3 Nc6 7. Ne2 Qb6 8. Nf3 cxd4 9. cxd4 Be7 10. 0-0 Nf8 11. a3 Bd7 12. b4 a5 13. b5 Na7 14. a4 Nc8 15. Bg5 f6 16. exf6 Bxf6 17. Rc1 Nd6 18. Bf4 Ng6 19. Bxg6+ hxg6 20. Qd3 Nf5 21. Bc7 Qa7 22. Rfe1 0-0 23. Be5 Be8 24. Bxf6 Rxf6 25. Rc7 Qb6 26. Rec1 Nd6 27. Ng5 Nc4 28. Rc5 Rf5 29. h4 Qd6 30. g3 b6 31. R5xc4 dxc4 32. Qxc4 Bd7 33. Nf4 Rxf4 34. gxf4 Qxf4 35. d5 Qxc4 36. Rxc4 exd5 37. Rd4 Bf5 38. Rxd5 Bc2 39. Rd4 Re8 40. Rd6 Rb8 41. Rd4 Re8 42. Kg2 Bb3 43. Kg3 Kf8 44. Ne4 Ke7 45. Nd2 Be6 46. Nc4 Bxc4 47. Rxc4 Kf7 48. Rc7+ Kf8 49. f3 Re3 50. Rc6 Ra3 51. Rxb6 Rxa4 52. Ra6 Kf7 53. f4 Ra1 54. Kg4 a4 55. b6 Rb1 56. Ra7+ Kf6 57. b7 a3 58. Ra6+ Kf7 1/2-1/2

[Event "BCF-chT2 9798 (4NCL)"]
[Site "England"]
[Date "1997.11.22"]
[Round "3.2"]
[White "Saunders, Nigel"]
[Black "Twyble, Michael"]
[Result "0-1"]
[WhiteElo "2140"]
[BlackElo "2205"]
[PlyCount "78"]
[EventDate "1997.11.??"]
[EventType "team"]
[EventRounds "11"]
[EventCountry "ENG"]
[SourceTitle "EXT 1999"]
[Source "ChessBase"]
[SourceDate "1998.11.16"]
[SourceVersion "1"]
[SourceVersionDate "1998.11.16"]
[SourceQuality "1"]
[WhiteTeam "Gwent Dragons"]
[BlackTeam "Barbican II"]
[WhiteTeamCountry "ENG"]
[BlackTeamCountry "ENG"]

1. Nf3 Nf6 2. c4 g6 3. Nc3 Bg7 4. e4 d6 5. Be2 0-0 6. d3 e5 7. 0-0 c6 8. Bd2 Nbd7 9. b4 h6 10. Qc1 Kh7 11. Ne1 d5 12. cxd5 cxd5 13. Bf3 Nb6 14. Nb5 Bd7 15. Na3 Rc8 16. Nec2 Be6 17. b5 Qd7 18. Bb4 Rfd8 19. Rd1 h5 20. Qe3 d4 21. Qe2 Na4 22. h3 Nc3 23. Bxc3 Rxc3 24. Nb1 Rc7 25. a4 Bb3 26. Nba3 Rdc8 27. Nc4 Bxc4 28. dxc4 Rxc4 29. Ne3 Rc3 30. g4 hxg4 31. hxg4 Qe7 32. Nf1 Kg8 33. Kg2 Nh7 34. Qd2 Ng5 35. Nh2 Qf6 36. Qe2 Qf4 37. Rd3 Rxd3 38. Qxd3 Rc3 39. Qe2 Nxf3 0-1